A követelés feléledése
Elmentve itt :
| Szerző: | |
|---|---|
| Dokumentumtípus: | Cikk |
| Megjelent: |
1929
|
| Sorozat: | Polgári jog : a hazai és külföldi magánjog és hiteljog szemléje
5 |
| Kulcsszavak: | Kötelmi jog követelés feléledése |
| Online Access: | http://misc.bibl.u-szeged.hu/5012 |
| LEADER | 00602nab a2200169 i 4500 | ||
|---|---|---|---|
| 001 | misc5012 | ||
| 005 | 20191106142746.0 | ||
| 008 | 170607s1929 hu o 0|| hun d | ||
| 040 | |a SZTE Miscellanea Repozitórium |b hun | ||
| 041 | |a hun | ||
| 100 | 1 | |a Beck Salamon | |
| 245 | 1 | 2 | |a A követelés feléledése |h [elektronikus dokumentum] / |c Beck Salamon |
| 260 | |c 1929 | ||
| 300 | |a 41a | ||
| 490 | 0 | |a Polgári jog : a hazai és külföldi magánjog és hiteljog szemléje |v 5 | |
| 695 | |a Kötelmi jog követelés feléledése | ||
| 856 | 4 | 0 | |u http://misc.bibl.u-szeged.hu/5012/1/polgari_jog_1929_041a.pdf |z Dokumentum-elérés |